| Record ID | ia:handbookofunited00fred |
| Source | Internet Archive |
| Download MARC XML | https://archive.org/download/handbookofunited00fred/handbookofunited00fred_marc.xml |
| Download MARC binary | https://www.archive.org/download/handbookofunited00fred/handbookofunited00fred_meta.mrc |
LEADER: 01442nam a2200433 a 4500
001 004122636
003 MiU
005 20001204000000.0
008 001204s2000 ctu b 001 0 eng
010 $a99054281
020 $a0313274509$q(alk. paper)
035 $a(OCoLC)ocm42692219
035 $a(III)iiio33027845
040 $aDLC$cDLC$dEYM
043 $an-us---
050 00 $aHC106.8$b.O47 2000
082 00 $a330.973$221
100 1 $aO'Hara, Frederick M.
245 10 $aHandbook of United States economic and financial indicators /$cF.M. O'Hara, Jr. and F.M. O'Hara III.
250 $aRev. ed.
260 $aWestport, Conn. :$bGreenwood Press,$c2000.
300 $ax, 395 p. ;$c24 cm.
440 0 $aBibliographies and indexes in economics and economic history,$x0749-1786 ;$vno. 20
504 $aIncludes bibliographical references (p. [386]-390) and index.
650 0 $aEconomic indicators$zUnited States$vHandbooks, manuals, etc.
700 1 $aO'Hara, F. M.,$d1968-
852 0 $aMiU$bHATCH$cGLRF$hHC 106.8 .O471 2000$xiiio33027845
852 0 $aMiU$bUGL$hHC 106.8 .O471 2000$x40204406
852 0 $aMiU$bUGL$hHC 106.8 .O471 2000$xGift
970 $aBK$bBook
971 $aMiU
972 $c20040625
972 $c20040625
972 $c20040625
973 $aAC$bavail_circ
974 $a39015050311581$bHATCH$cGLRF$f08
974 $a39015051275611$bUGL$f01
974 $a39015060022871$bUGL$f01
998 $cmcp jb